| 000 | 00587 a2200169 4500 | ||
|---|---|---|---|
| 003 | OSt | ||
| 005 | 20231106122336.0 | ||
| 008 | 231106b |||||||| |||| 00| 0 eng d | ||
| 020 | _a9789385269806 | ||
| 040 | _coclc | ||
| 082 |
_a363.325 _bTAH/B |
||
| 100 | 1 |
_aT̤āhirulqādrī, Muḥammad, _d1951- _99833 |
|
| 245 |
_aBheekarathakkum Chaver Sfodanangalkkumethire Fatwakal = _bFatwa on terrorism and suicide bombings / _cDr. Muhammed Thahir-ul-Qadri |
||
| 260 |
_aKozhokode: _bOlive, _c2016. |
||
| 300 | _a266 p | ||
| 942 |
_2ddc _cBK _h363.325 _iTAH/B _k363.325 _mTAH/B |
||
| 999 |
_c42810 _d42810 |
||